Použitie viackriteriálnych metód pri verejnom obstarávaní

V príspevku autori predstavujú možnosti riešenia výberového konania pomocou kvantitatívnych metód, konkrétne metód viackriteriálneho rozhodovania, ktoré sa javia ako použiteľné, nakoľko umožňujú hodnotenie ponúk na základe viacerých faktorov, ktoré môžu poukázať na kvalitu ponuky. V príspevku sa zam...

Celý popis

Uložené v:
Podrobná bibliografia
Hlavný autor: Dolinajcová, Miroslava
Ďalší autori: Brezina, Ivan, ml
Médium: Kapitola
Jazyk:Slovak
Predmet:
Tagy: Pridať tag
Žiadne tagy, Buďte prvý, kto otaguje tento záznam!

MARC

LEADER 00000nla a2200000 4500
001 0174582
005 20240502072957.6
041 0 |a slo 
044 |a SK 
245 1 0 |a Použitie viackriteriálnych metód pri verejnom obstarávaní  |c Miroslava Dolinajcová, Ivan Brezina ml. 
500 |a Príspevok bol spracovaný v rámci riešenia interného grantového projektu Ekonomickej univerzity v Bratislave (č. I-13-109-00) "Využitie optimalizačných metód v oblasti zvyšovania kvality verejnej správy" 
520 |a V príspevku autori predstavujú možnosti riešenia výberového konania pomocou kvantitatívnych metód, konkrétne metód viackriteriálneho rozhodovania, ktoré sa javia ako použiteľné, nakoľko umožňujú hodnotenie ponúk na základe viacerých faktorov, ktoré môžu poukázať na kvalitu ponuky. V príspevku sa zameriavajú predovšetkým na metódu PROMETHEE II, ktorej nespornou výhodou je okrem jej jednoduchosti i zoradenie všetkých alternatív od najmenšej po najväčšiu, čo umožní i výber náhradného kandidáta na danú úlohu. 
610 2 0 |a obstarávanie verejné 
610 2 0 |a metódy 
610 2 0 |a metódy ekonomicko-matematické 
610 2 0 |a rozhodovanie viackriteriálne 
100 1 |a Dolinajcová, Miroslava 
700 1 |a Brezina, Ivan, ml.